Les pays les plus consommateurs de gaz - Statistiques

Statistiques générales
  • Ce quiz a été pris 53 fois
  • Le résultat moyen est 11 sur 13
Statistiques - réponses
Hint Réponse % Correct
22,4% USA
100%
9,5% Chine
98%
10,4% Russie
98%
2,0% Allemagne
96%
1,0% France
96%
2,5% Japon
93%
1,8% Royaume-Uni
84%
3,1% Canada
82%
2,5% Mexique
76%
1,7% Italie
69%
3,1% Arabie Saoudite
62%
5,8% Iran
60%
1,8% Emirats Arabes Unis
40%
Aucun quiz correspondant
Distribution des résultats
% des personnes avec chaque résultat
Percentile par nombre de réponses
Votre historique - résultats
Vous n’avez pas pris ce quiz